Toros y toreros

Guardat en:
Dades bibliogràfiques
Autor principal: Picasso, Pablo (Autor)
Format: Llibre
Idioma:espanyol
Publicat: Barcelona Gustavo Gili 1961
Matèries:
Etiquetes: Afegir etiqueta
Sense etiquetes, Sigues el primer a etiquetar aquest registre!

MARC

LEADER 00000nam a2200000 a 4500
001 UCU9200
003 CL-VaPUC
008 960809e19610000SP |||||||||||||||||spa|d
082 0 4 |a 741.092  |b PIC  |2 21 
100 0 |a Picasso, Pablo  |e author  |9 265273 
245 1 0 |a Toros y toreros 
300 |a 30 p 
942 |c BK 
945 |d 19960809 00:00:00  |a rleighto 
260 |a Barcelona  |b Gustavo Gili  |c 1961 
500 |a Textos de Luis Miguel Dominguin 
600 0 7 |a PICASSO, PABLO  |2 CL-VaPUC  |9 265273 
650 0 |a Arte moderno  |9 265333 
650 7 |a PINTURA ESPAÑOLA SIGLO 20  |2 CL-VaPUC  |9 368313 
650 0 |a Dibujos  |9 264123 
583 |a last modification  |c 20160901 04:06:02  |k Rodrigo Vera 
999 |c 251066  |d 251064 
952 |0 0  |1 0  |4 0  |6 741_092000000000000_PIC_1961  |7 0  |8 F  |9 269999  |a BIBARQ  |b BIBARQ  |d 2019-11-19  |i 3217000  |o 741.092 PIC 1961  |p 3217000  |r 2025-01-20  |w 2019-11-19  |y BK_F  |k ARQ